UM Logo

Assisting individuals with charitable legacies/ (Record no. 16246)

MARC details
000 -LEADER
fixed length control field 00584nam a2200157 4500
008 - FIXED-LENGTH DATA ELEMENTS--GENERAL INFORMATION
fixed length control field 210820b ||||| |||| 00| 0 eng d
022 ## - INTERNATIONAL STANDARD SERIAL NUMBER
International Standard Serial Number 0732-8435
082 ## - DEWEY DECIMAL CLASSIFICATION NUMBER
Classification number DPer 657.05 C33 Apr - Sept 2016, v86 n4-9
100 ## - MAIN ENTRY--PERSONAL NAME
Personal name Kess, Sidney.
9 (RLIN) 42718
245 ## - TITLE STATEMENT
Title Assisting individuals with charitable legacies/
Statement of responsibility, etc. Sidney Kess and Edward Mendlowitz.
260 ## - PUBLICATION, DISTRIBUTION, ETC. (IMPRINT)
Place of publication, distribution, etc. New York:
Name of publisher, distributor, etc. The New York State Society of CPA,
Date of publication, distribution, etc. ©2016.
300 ## - PHYSICAL DESCRIPTION
Extent v86 n4, pages 64-66:
Other physical details illustration;
Dimensions 28 cm.
650 ## - SUBJECT ADDED ENTRY--TOPICAL TERM
Topical term or geographic name as entry element Inheritance and succession.
9 (RLIN) 43546
700 ## - ADDED ENTRY--PERSONAL NAME
Personal name Mendlowitz, E.
Relator term Author.
9 (RLIN) 43554
942 ## - ADDED ENTRY ELEMENTS (KOHA)
Source of classification or shelving scheme Dewey Decimal Classification
Koha item type Periodicals
Holdings
Withdrawn status Lost status Source of classification or shelving scheme Damaged status Not for loan Collection code Home library Current library Date acquired Total Checkouts Full call number Date last seen Price effective from Koha item type Public note
    Dewey Decimal Classification     Periodicals UM Digos College - LIC UM Digos College - LIC 08/20/2021   DPer 657.05 C33 Apr - Sept 2016, v86 n4-9 08/20/2021 08/20/2021 Periodicals Periodical article